000 00711nam a2200205Ii 4500
003 JO-AjNU
008 230605s9999||||xx |||||||||||||| ||und||
017 _a2013/4/1076
040 _aJO-AjNU
_bara
_erda
_cJO-AjNU
041 _aara
050 1 4 _aDS154.52.S53.S532 2013
100 3 _aالشريدة، عبد العزيز كليب,
_eauthor
_950311
245 0 0 _aنقش على ذاكرة طفل في الزمن الجواني
264 3 1 _aعمان: المؤلف، 2013
300 _a236ص
_b صور فوتوغرافية
336 _atext
_btxt
_2rdacontent
337 _aunmediated
_bn
_2rdamedia
338 _avolume
_bnc
_2rdacarrier
650 4 _aالسيرة الذاتية- تراجم-رجال
_950312
999 _aA22154
_c25722
_d25722